Clic Quiz : 80 Français par Année de Naissance - Statistiques

Statistiques générales
  • Ce quiz a été pris 44 fois
  • Le résultat moyen est 19 sur 80
Statistiques - réponses
Hint Réponse % Correct
Kylian Mbappé, footballeur. 1998
70%
Bigflo, rappeur. 1993
49%
Omar Sy, acteur. 1978
43%
Paul Pogba, footballeur. 1993
43%
Mister V, youtuber. 1993
43%
Alicia Aylies, miss. 1998
43%
Johnny Hallyday (Jean-Philippe Smet), chanteur, compositeur et acteur. 1943
41%
Frank Ribery, footballeur. 1983
41%
Gregory Lemarchal, chanteur. 1983
41%
Adèle Exarchopoulos, actrice. 1993
38%
Marcel Marceau, mime. 1923
35%
Marine Le Pen, politique. 1968
35%
Martin Fourcade, biathlète. 1988
35%
Jacques Dutronc, chanteur et acteur. 1943
32%
Jean-Pierre Papin, footballeur. 1963
32%
Michael Youn, comedien. 1973
32%
Julie Depardieu, comédienne. 1973
32%
Line Renaud, chanteuse et actrice. 1928
30%
Bernadette Chirac, première dame. 1933
30%
Gérard Depardieu, acteur entre autres. 1948
30%
Lambert Wilson, comédien et chanteur. 1958
30%
Élie Semoun, humoriste 1963
30%
Jean-Marie Le Pen, politique. 1928
27%
Catherine Deneuve, actrice. 1943
27%
Gérard Darmon, acteur et chanteur. 1948
27%
Francis Cabrel, chanteur et auteur-compositeur. 1953
27%
Stéphane Bern, journaliste. 1963
27%
Laurent Ruquier, animateur radio et télé. 1963
27%
Pierre Palmade, humoriste. 1968
27%
Marina Kaye, chanteuse. 1998
27%
Ugo Humbert, joueur de tennis. 1998
27%
Guy Roux, entraîneur. 1938
24%
Enrico Macias, chanteur. 1938
24%
Bernard Campan, acteur, scénariste et réalisateur. 1958
24%
Sandrine Kiberlain, comédienne. 1968
24%
Thomas Dutronc, chanteur. 1973
24%
Melissa Theuriau, journaliste. 1978
24%
Jennifer Ayache, chanteuse. 1983
24%
Christine and the Queens, chanteuse. 1988
24%
Dounia Coesens, actrice. 1988
24%
Perrine Lafont, skieuse acrobatique. 1998
24%
Jacques Martin, animateur. 1933
22%
Bernard Tapie, homme d'affaires, ex-député et acteur. 1943
22%
Carlos, chanteur et acteur. 1943
22%
Alain Chabat, comédien, réalisateur, scénariste et producteur de cinéma. 1958
22%
Emmanuelle Béart, actrice. 1963
22%
Booder, humoriste. 1978
22%
Mélanie Laurent, actrice. 1983
22%
Jordy, chanteur. 1988
22%
Marine Lorphelin, miss. 1993
22%
Dalida, chanteuse. 1933
19%
Mireille Darc, actrice. 1938
19%
Antoine de Caunes, acteur et animateur de la télévision. 1953
19%
Dorothée, animatrice de télévision. 1953
19%
Mathilde Seigner, comédienne. 1968
19%
Claudia Tagbo, comédienne et humoriste. 1973
19%
Faudel, chanteur. 1978
19%
Serge Gainsbourg, chanteur et auteur-compositeur. 1928
16%
Michel Serrault, acteur. 1928
16%
Laurent Voulzy, chanteur et auteur-compositeur. 1948
16%
Bruce Toussaint, présentateur télévisé. 1973
16%
Jean Baratte, footballeur. 1923
14%
Jeanne Moreau, actrice. 1928
14%
Richard Anconina, acteur. 1953
14%
Smaïn, acteur et humoriste. 1958
14%
Cali, chanteur. 1968
14%
Camille Cottin, actrice. 1978
14%
Greg Guillotin, youtuber. 1983
14%
Maria Pacôme, actrice. 1923
11%
Jacqueline Maillan, actrice. 1923
11%
Jean-Pierre Coffe, animateur. 1938
11%
Joe Dassin, chanteur. 1938
11%
Nathalie Baye, actrice. 1948
11%
Daniel Russo, acteur et une des voix françaises de John Travolta ou encore Danny DeVito. 1948
11%
Philippe Risoli, présentateur télévisé. 1953
11%
Gilbert Melki, acteur. 1958
11%
Gérard Hernandez, acteur. 1933
8%
Tatiana Golovin, joueuse de tennis. 1988
8%
Jean-Marc Thibault, acteur. 1923
5%
Jean Yanne, acteur. 1933
5%
Aucun quiz correspondant
Distribution des résultats
% des personnes avec chaque résultat
Percentile par nombre de réponses
Votre historique - résultats
Vous n’avez pas pris ce quiz